Educación personalizada /

Guardado en:
Autor Principal: García Hoz, Víctor
Formato: Libro
Publicado: Madrid : Rialp, 1986
Edición:7
Series:Bib. Educ y Cs.soc./s. téc., 11
Materias:
Etiquetas: Agregar Etiqueta
Sin Etiquetas, Sea el primero en etiquetar este registro!
LEADER 01014nam a22001935a 4500
001 CEM.cems002729
005 20060217000000.0
008 130507s1986##################000#0#####d
003 CEMS
082 0 4 |a 371.394 
100 1 |a García Hoz, Víctor 
245 1 0 |a Educación personalizada /  |c Víctor García Hoz 
250 |a 7 
260 |a Madrid :  |b Rialp,  |c 1986 
300 |a 384 p. 
490 0 |a Bib. Educ y Cs.soc./s. téc., 11 
505 0 |a Personalizaci¢n educativa.-La cultura como expresi¢n y su proyecci¢n en el trabajo escolar.-El concepto de escuela y de maestro en la educaci¢n personalizada.-El alumno y las situaciones de aprendizaje.- Las variables del programa.- Realizaciones de educaci¢n personalizada.- Fin y objetivo de la educaci¢n.- Organizaci¢n.- La programaci¢n de las actividades escolares.- La orientaci¢n en las organizaciones escolares.- El material escolar.- Evaluaci¢n educativa.- 
653 |a Desarrollo individual 
859 |a CEMS  |b BIB. CEMS - 11 de abril  |h 371.394  |i G165a7  |p 14974.88  |t Ej.1